Statistiques concernant Paroles : Pour deux âmes solitaires (part.1)

Cliquez ici pour prendre le quiz!

Statistiques générales

  • Ce quiz a été pris 132 fois
  • Le résultat moyen est 210 sur 310

Statistiques - réponses

% Correct
pour
95%
Pour
95%
me
93%
à
92%
À
92%
de
91%
tu
89%
Tu
89%
âmes
87%
solitaires
87%
je
86%
Je
86%
ta
86%
te
86%
ce
85%
deux
85%
moi
85%
le
83%
Et
82%
et
82%
ça
80%
des
80%
un
80%
Un
80%
comme
79%
que
79%
T'es
79%
tes
79%
les
77%
pas
77%
propre
77%
c'est
76%
tout
76%
mode
75%
bien
74%
films
74%
peut
74%
codes
73%
conseilles
73%
j'veux
73%
la
73%
séries
73%
T'as
73%
t'as
73%
veux
73%
Mais
72%
on
72%
On
72%
viens
72%
ensemble
71%
J'te
71%
j'te
71%
propres
71%
qu'on
71%
sur
71%
unique
71%
matte
70%
tellement
70%
ciel
68%
faire
68%
j'ai
68%
plus
68%
comment
67%
jacte
67%
plaire
67%
tard
67%
chatte
66%
Meuf
66%
passer
66%
réfléchis
66%
souvent
66%
j'aime
65%
J'aime
65%
peux
65%
qui
65%
si
65%
t'agis
65%
Whatsapp
65%
bouffe
64%
chercher
64%
fait
64%
l'hiver
64%
Nous
64%
part
64%
Quand
64%
quand
64%
références
64%
révêr
64%
rêver
64%
va
64%
vois
64%
Donc
63%
donc
63%
quelque
63%
Qu'est-ce
63%
une
63%
vu
63%
commences
62%
dire
62%
perché
62%
respire
62%
ton
61%
conseils
60%
Merde
60%
merde
60%
père
60%
t'ai
60%
magie
58%
opère
58%
parler
58%
penses
58%
prod
58%
arrete
57%
falloir
57%
gémis
57%
hiberner
57%
Oh
57%
Très
57%
Terre
55%
aimer
54%
du
54%
fesses
54%
penser
54%
quatre
54%
quitter
54%
haut
53%
s'capte
52%
enfermé
51%
jacter
51%
J'reste
51%
l'envers
51%
paradis
51%
putain
51%
Putain
51%
rapproche
51%
tape
51%
m'fait
50%
palace
50%
bonjour)
49%
classique
49%
(Foufoune
49%
l'endroit
49%
sample
49%
corps
48%
coups
48%
d'ces
48%
screen
48%
demande
47%
jamais
47%
jambes
47%
j'crois
47%
ou
47%
v'là
47%
clean
46%
déjà
46%
fascine
46%
j'suis
46%
tremblent
46%
Chacun
45%
gros
45%
jusqu'à
45%
photos
45%
plier
45%
Bitch
43%
d'mes
43%
d'reins
43%
parrais
43%
commentaire
42%
l'affaire
42%
m'enterre
40%
Gainée
39%
m'enferme
39%
parapluie
39%
salopard
39%
besoin
38%
d'un
38%
bah
35%
qu'j'ai
35%
dique-sa
27%

Distribution des résultats

Percentile par nombre de réponses

% des personnes avec chaque résultat

Votre développement - résultats

Vous n’avez pas pris ce quiz